000 00273nam a22001217a 4500
008 260116b ||||| |||| 00| 0 eng d
041 _aeng
080 _a003
100 _a20
101 _aark
245 _aArchitectural Record
_cThe magazine of the aia
942 _2udc
_cBK
999 _c60757
_d60757